Capitales d'Afrique (AVEC CARTE) - Quiz - Statistiques

Statistiques générales
  • Ce quiz a été pris 4 472 fois
    2 090 depuis la dernière actualisation
  • Le résultat moyen est 32 sur 54
Réponses sur la Carte
Les réponses sont colorées sur une échelle allant du rouge au vert en fonction du pourcentage des utilisateurs qui les ont devinées à leur premier essai. Vous pouvez retrouver ces pourcentages ci-dessous.
 
Statistiques - réponses
Pays Capitales % Correct
Algérie Alger
97%
Égypte Le Caire
95%
Tunisie Tunis
95%
Maroc Rabat
91%
Afrique du Sud Le Cap / Pretoria / Bloemfontein
88%
Sénégal Dakar
85%
Libye Tripoli
80%
Djibouti Djibouti
78%
Congo (Rép Dém) Kinshasa
76%
Mali Bamako
75%
Congo (Rép) Brazzaville
74%
Gabon Libreville
70%
Kenya Nairobi
70%
Madagascar Antananarivo
69%
Sierra Leone Freetown
69%
Burkina Faso Ouagadougou
68%
Guinée-Bissau Bissau
67%
Sao Tomé-et- Principe Sao Tomé
67%
Cameroun Yaoundé
65%
Soudan Khartoum
64%
Éthiopie Addis-Abeba
62%
Côte d'Ivoire Yamoussoukro
62%
Ghana Accra
61%
Nigeria Abuja
59%
Togo Lomé
59%
Guinée Conakry
58%
Mauritanie Nouakchott
58%
Seychelles Victoria
58%
Bénin Cotonou / Porto-Novo
56%
Angola Luanda
55%
Île Maurice Port-Louis
55%
Somalie Mogadiscio
54%
Niger Niamey
54%
Tchad Ndjamena
53%
Cap-Vert Praia
53%
Gambie Banjul
52%
Centrafrique Bangui
51%
Érythrée Asmara
50%
Namibie Windhoek
48%
Tanzanie Dodoma
47%
Rwanda Kigali
47%
Mozambique Maputo
47%
Liberia Monrovia
47%
Zimbabwe Harare
45%
Soudan du Sud Djouba
44%
Eswatini (Swaziland) Mbabane
44%
Botswana Gaborone
43%
Malawi Lilongwe
43%
Comores Moroni
43%
Ouganda Kampala
42%
Zambie Lusaka
42%
Burundi Gitega / Bujumbura
40%
Guinée équatoriale Ciudad de la Paz
36%
Lesotho Maseru
35%
Aucun quiz correspondant
Distribution des résultats
% des personnes avec chaque résultat
Percentile par nombre de réponses
Votre historique - résultats
Vous n’avez pas pris ce quiz depuis la dernière actualisation